Software engineering (Record no. 29515)

MARC details
000 -LEADER
fixed length control field 00473nam a2200181Ia 4500
008 - FIXED-LENGTH DATA ELEMENTS--GENERAL INFORMATION
fixed length control field 230917s9999||||xx |||||||||||||| ||und||
020 ## - ISBN
Price RS899
040 ## - CATALOGING SOURCE
-- 252484
Original cataloging agency VIVEKANANDA LIBRARY
041 ## - Language
-- English
082 ## - DDC NUMBER
Classification number 005.1 S55S(10)
100 ## - MAIN ENTRY--PERSONAL NAME
Personal name Sommerville, Ian
245 #0 - TITLE STATEMENT
Title Software engineering
250 ## - EDITION STATEMENT
Edition statement 10th ed.
260 ## - PUBLICATION, DISTRIBUTION, ETC. (IMPRINT)
Place of publication, distribution, etc Noida
Name of publisher, distributor, etc Pearson India Education
Date of publication, distribution, etc 2018
300 ## - PHYSICAL DESCRIPTION
Pages 808 p.
500 ## - GENERAL NOTE
General note 3371 20/12/2018 APD19/1089548 19/01/2019 Main Budget
942 ## - ADDED ENTRY ELEMENTS (KOHA)
Koha item type Books
Holdings
Withdrawn status Lost status Damaged status Not for loan Location (home branch) Sublocation or collection (holding branch) Date acquired Koha issues (times borrowed) Koha full call number Accession No. Koha date last seen Koha item type
        VIVEKANANDA LIBRARY VIVEKANANDA LIBRARY 12/02/2019   005.1 S55S(10) 382364 17/09/2023 Books
        VIVEKANANDA LIBRARY VIVEKANANDA LIBRARY 12/02/2019   005.1 S55S(10) 382365 17/09/2023 Books
        VIVEKANANDA LIBRARY VIVEKANANDA LIBRARY 12/02/2019   005.1 S55S(10) 382366 17/09/2023 Books
        VIVEKANANDA LIBRARY VIVEKANANDA LIBRARY 12/02/2019 1 005.1 S55S(10) 382367 26/04/2025 Books
© Designed and Maintained by Vivekananda Library, MDU Rohtak